00728 2200241 4500001002100000005001500021035002000036007000300056008004100059020002200100082001000122084001600132100001900148245009000167250003500257260003400292300003100326650002600357700004300383990002000426990002000446990002000466INLIS00000000134653120240920030056 a0010-0924000891ta240920 0  a978-602-250-692-8 a741.5 a741.5 AMI a0 aAminah Mustari1 aAyah & Ibu pahlawan hidupku /cAminah Mustari; penyunting: Ratih Cahaya, Jumi Haryani aCetakan pertama, Februari 2020 aJakarta :bGema Insani,c2020 a72 hlm. :bIlus. ;c20 cm. 4aBuku cerita bergambar0 apenyunting: Ratih Cahaya, Jumi Haryani a02798/PMDM/2024 a02799/PMDM/2024 a02800/PMDM/2024